Comprehensive coordination chemistry III, Volume 1 : (Record no. 172349)

MARC details
000 -LEADER
fixed length control field 01028nam a22002778i 4500
001 - CONTROL NUMBER
control field 020202606
003 - CONTROL NUMBER IDENTIFIER
control field OSt
005 - DATE AND TIME OF LATEST TRANSACTION
control field 20250905154133.0
008 - FIXED-LENGTH DATA ELEMENTS--GENERAL INFORMATION
fixed length control field 210519s2021 ne o 000|0|eng|d
020 ## - INTERNATIONAL STANDARD BOOK NUMBER
International Standard Book Number 9780081026885 (Paperback)
020 ## - INTERNATIONAL STANDARD BOOK NUMBER
International Standard Book Number 9780323898980 (Volume 1)
040 ## - CATALOGING SOURCE
Original cataloging agency StDuBDS
Language of cataloging eng
Transcribing agency StDuBDS
Description conventions rda
Modifying agency NUST
050 ## - LIBRARY OF CONGRESS CALL NUMBER
Classification number QD474 COM
245 00 - TITLE STATEMENT
Title Comprehensive coordination chemistry III, Volume 1 :
Remainder of title fundamentals: ligands, complexes, synthesis and structure /
Statement of responsibility, etc. edited by Edwin Constable, Gerard Parkin and Lawrence Que.
260 ## - PUBLICATION, DISTRIBUTION, ETC.
Place of publication, distribution, etc. Amsterdam :
Name of publisher, distributor, etc. Elsevier,
Date of publication, distribution, etc. ©2021.
300 ## - PHYSICAL DESCRIPTION
Extent xix, 1143 pages :
Other physical details Illustrations ;
Dimensions 28 cm.
336 ## - CONTENT TYPE
Content type term text
Source rdacontent
Content type code txt
337 ## - MEDIA TYPE
Media type term unmediated
Source rdamedia
Media type code n
338 ## - CARRIER TYPE
Carrier type term volume
Source rdacarrier
Carrier type code nc
504 ## - BIBLIOGRAPHY, ETC. NOTE
Bibliography, etc. note Includes bibliographical references.
650 #0 - SUBJECT ADDED ENTRY--TOPICAL TERM
Topical term or geographic name entry element Coordination compounds.
700 1# - ADDED ENTRY--PERSONAL NAME
Personal name Constable, Edwin C.
Relator term Editor
700 1# - ADDED ENTRY--PERSONAL NAME
Personal name Parkin, Gerard
Relator term Editor
700 1# - ADDED ENTRY--PERSONAL NAME
Personal name Que, Lawrence
Relator term Editor
942 ## - ADDED ENTRY ELEMENTS (KOHA)
Source of classification or shelving scheme Library of Congress Classification
Suppress in OPAC No
Koha item type Ordinary Loan Books
Classification part QD474 COM
Call number prefix QD
Call number suffix COM
Holdings
Withdrawn status Lost status Source of classification or shelving scheme Damaged status Not for loan Collection Home library Current library Shelving location Date acquired Source of acquisition Total Checkouts Full call number Barcode Date last seen Accession number Price effective from Koha item type Public note
    LCC     NFIC MAIN MAIN GEN 09/05/2025 Book Aid International   QD474 COM 92004056256 09/05/2025 63044 09/05/2025 BOOKS Donation